<?xml version="1.0" encoding="UTF-8"?>
<record
    xmlns:xsi="http://www.w3.org/2001/XMLSchema-instance"
    xsi:schemaLocation="http://www.loc.gov/MARC21/slim http://www.loc.gov/standards/marcxml/schema/MARC21slim.xsd"
    xmlns="http://www.loc.gov/MARC21/slim">

  <leader>01458nam a22002417a 4500</leader>
  <controlfield tag="003">NALT</controlfield>
  <controlfield tag="005">20220419105213.0</controlfield>
  <controlfield tag="008">210203b        th ||||| |||| 00| 0 tha d</controlfield>
  <datafield tag="040" ind1=" " ind2=" ">
    <subfield code="a">NALT</subfield>
  </datafield>
  <datafield tag="090" ind1=" " ind2=" ">
    <subfield code="a">KC 31</subfield>
    <subfield code="b">&#xE2D;333&#xE01; 2564</subfield>
  </datafield>
  <datafield tag="100" ind1="0" ind2=" ">
    <subfield code="9">50064</subfield>
    <subfield code="a">&#xE2D;&#xE23;&#xE1E;&#xE31;&#xE17;&#xE18;&#xE4C; &#xE27;&#xE07;&#xE28;&#xE32;&#xE42;&#xE23;&#xE08;&#xE19;&#xE4C;</subfield>
  </datafield>
  <datafield tag="245" ind1="0" ind2="0">
    <subfield code="a">&#xE01;&#xE0E;&#xE2B;&#xE21;&#xE32;&#xE22;&#xE43;&#xE19;&#xE10;&#xE32;&#xE19;&#xE30;&#xE0A;&#xE38;&#xE14;&#xE04;&#xE33;&#xE2A;&#xE31;&#xE48;&#xE07;&#xE02;&#xE2D;&#xE07;&#xE1B;&#xE23;&#xE30;&#xE40;&#xE17;&#xE28; (&#xE23;&#xE32;&#xE22;&#xE07;&#xE32;&#xE19;&#xE17;&#xE35;&#xE14;&#xE35;&#xE2D;&#xE32;&#xE23;&#xE4C;&#xE44;&#xE2D; &#xE09;&#xE1A;&#xE31;&#xE1A;&#xE17;&#xE35;&#xE48; 172 &#xE21;&#xE01;&#xE23;&#xE32;&#xE04;&#xE21; 2564) /</subfield>
    <subfield code="c">&#xE1C;&#xE39;&#xE49;&#xE2A;&#xE23;&#xE38;&#xE1B; &#xE2D;&#xE23;&#xE1E;&#xE31;&#xE17;&#xE18;&#xE4C; &#xE27;&#xE07;&#xE28;&#xE32;&#xE42;&#xE23;&#xE08;&#xE19;&#xE4C;...[&#xE41;&#xE25;&#xE30;&#xE04;&#xE19;&#xE2D;&#xE37;&#xE48;&#xE19; &#xE46;] ; &#xE1A;&#xE23;&#xE23;&#xE13;&#xE32;&#xE18;&#xE34;&#xE01;&#xE32;&#xE23;&#xE1A;&#xE23;&#xE34;&#xE2B;&#xE32;&#xE23; &#xE08;&#xE34;&#xE23;&#xE32;&#xE01;&#xE23; &#xE22;&#xE34;&#xE48;&#xE07;&#xE44;&#xE1E;&#xE1A;&#xE39;&#xE25;&#xE22;&#xE4C;&#xE27;&#xE07;&#xE28;&#xE4C; ; &#xE01;&#xE2D;&#xE07;&#xE1A;&#xE23;&#xE23;&#xE13;&#xE32;&#xE18;&#xE34;&#xE01;&#xE32;&#xE23; &#xE27;&#xE31;&#xE12;&#xE19;&#xE32; &#xE01;&#xE32;&#xE0D;&#xE08;&#xE19;&#xE32;&#xE19;&#xE34;&#xE08;.</subfield>
  </datafield>
  <datafield tag="260" ind1=" " ind2=" ">
    <subfield code="a">&#xE01;&#xE23;&#xE38;&#xE07;&#xE40;&#xE17;&#xE1E;&#xE2F; :</subfield>
    <subfield code="b">&#xE2A;&#xE16;&#xE32;&#xE1A;&#xE31;&#xE19;&#xE27;&#xE34;&#xE08;&#xE31;&#xE22;&#xE40;&#xE1E;&#xE37;&#xE48;&#xE2D;&#xE01;&#xE32;&#xE23;&#xE1E;&#xE31;&#xE12;&#xE19;&#xE32;&#xE1B;&#xE23;&#xE30;&#xE40;&#xE17;&#xE28;&#xE44;&#xE17;&#xE22;,</subfield>
    <subfield code="c">2563.</subfield>
  </datafield>
  <datafield tag="300" ind1=" " ind2=" ">
    <subfield code="a">16 &#xE2B;&#xE19;&#xE49;&#xE32; :</subfield>
    <subfield code="b">&#xE20;&#xE32;&#xE1E;&#xE1B;&#xE23;&#xE30;&#xE01;&#xE2D;&#xE1A; ;</subfield>
    <subfield code="c">28 &#xE0B;&#xE21;.</subfield>
  </datafield>
  <datafield tag="650" ind1=" " ind2="4">
    <subfield code="9">29111</subfield>
    <subfield code="a">&#xE18;&#xE23;&#xE23;&#xE21;&#xE28;&#xE32;&#xE2A;&#xE15;&#xE23;&#xE4C;</subfield>
  </datafield>
  <datafield tag="650" ind1=" " ind2="4">
    <subfield code="a">&#xE01;&#xE0E;&#xE2B;&#xE21;&#xE32;&#xE22;</subfield>
    <subfield code="z">&#xE44;&#xE17;&#xE22;</subfield>
    <subfield code="9">4701</subfield>
  </datafield>
  <datafield tag="700" ind1="0" ind2=" ">
    <subfield code="a">&#xE08;&#xE34;&#xE23;&#xE32;&#xE01;&#xE23; &#xE22;&#xE34;&#xE48;&#xE07;&#xE44;&#xE1E;&#xE1A;&#xE39;&#xE25;&#xE22;&#xE4C;&#xE27;&#xE07;&#xE28;&#xE4C;</subfield>
    <subfield code="9">10519</subfield>
  </datafield>
  <datafield tag="700" ind1="0" ind2=" ">
    <subfield code="9">19356</subfield>
    <subfield code="a">&#xE27;&#xE31;&#xE12;&#xE19;&#xE32; &#xE01;&#xE32;&#xE0D;&#xE08;&#xE19;&#xE32;&#xE19;&#xE34;&#xE08;</subfield>
  </datafield>
  <datafield tag="850" ind1=" " ind2=" ">
    <subfield code="a">NALT</subfield>
  </datafield>
  <datafield tag="942" ind1=" " ind2=" ">
    <subfield code="c">LB</subfield>
    <subfield code="2">local</subfield>
  </datafield>
  <datafield tag="998" ind1=" " ind2=" ">
    <subfield code="a">bijaya</subfield>
    <subfield code="c">103</subfield>
    <subfield code="b">phon</subfield>
    <subfield code="j">104</subfield>
    <subfield code="k"> &#xE2A;&#xE32;&#xE22;&#xE1D;&#xE19; &#xE14;&#xE35;&#xE07;&#xE32;&#xE21;</subfield>
  </datafield>
  <datafield tag="999" ind1=" " ind2=" ">
    <subfield code="c">97987</subfield>
    <subfield code="d">97987</subfield>
  </datafield>
  <datafield tag="952" ind1=" " ind2=" ">
    <subfield code="0">0</subfield>
    <subfield code="1">0</subfield>
    <subfield code="2">local</subfield>
    <subfield code="4">0</subfield>
    <subfield code="7">0</subfield>
    <subfield code="8">CLAW</subfield>
    <subfield code="a">NALT</subfield>
    <subfield code="b">NALT</subfield>
    <subfield code="c">LAW</subfield>
    <subfield code="d">2021-02-03</subfield>
    <subfield code="o">KC 31 &#xE2D;333&#xE01; 2564</subfield>
    <subfield code="p">3961211698</subfield>
    <subfield code="r">2021-02-19 00:00:00</subfield>
    <subfield code="w">2021-02-03</subfield>
    <subfield code="y">LB</subfield>
  </datafield>
</record>
